| 000 | 01032nam a22001937a 4500 | ||
|---|---|---|---|
| 999 |
_c61600 _d61600 |
||
| 003 | Ge_BSU | ||
| 005 | 20240327114236.0 | ||
| 008 | 240327s1996 ge ||||| |||| 00| 0 geo d | ||
| 041 | _ageo | ||
| 080 | _a94(479.22)(063) ს-18 | ||
| 245 |
_aსაისტორიო მაცნე : _b# 3. _cრედ. აბელ სურგულაძე; ბათუმის სახელმწიფო უნივერსიტეტი, საქართველოს ისტორიის კათედრა. |
||
| 264 |
_aბათუმი : _bაჭარა, _c1996. |
||
| 300 |
_a50 გვ. ; _b21 სმ. |
||
| 653 | _aსაისტორიო მაცნე | ||
| 653 | _aშრომები | ||
| 700 |
_a სურგულაძე, აბელ _eრედაქტორი _921608 |
||
| 710 |
_aბათუმის სახელმწიფო უნივერსიტეტი, საქართველოს ისტორიის კათედრა. _921609 |
||
| 942 |
_2udc _cSHR |
||